000 00699nam a2200169 a 4500
005 20140412111311.0
008 010426s19uu xx 00 eng d
020 _a0-06-443183-5
050 _aTR(PS E
_bLi72 1986
100 _aWilliams, Linda
245 _aLittle old lady who was not afraid of anything (The) /
_cby Linda Williams; illustrated by Megan Lloyd.
260 _aNew York :
_bHarperCollins Publishers,
_c1986.
300 _a1v. (unp.) ; ill.
520 _aA little old lady who is not afraid of anything must deal with a pumpkin head, a tall black hat, and other spooky objects that follow her through the dark woods trying to scare her.
650 _aFear-Fiction
999 _c103979
_d103979